Higiene y Salud (Registro nro. 3138)

Detalles MARC
000 -LEADER
fixed length control field 00546nam a22001931a 4500
001 - CONTROL NUMBER
control field 3138
003 - CONTROL NUMBER IDENTIFIER
control field OSt
005 - DATE AND TIME OF LATEST TRANSACTION
control field 20260204211839.0
008 - FIXED-LENGTH DATA ELEMENTS--GENERAL INFORMATION
fixed length control field 040621s ||||dr ||||||b||||||||||spa||
050 ## - LIBRARY OF CONGRESS CALL NUMBER
Classification number RD 375 R299h
082 ## - DEWEY DECIMAL CLASSIFICATION NUMBER
Classification number RD 375 S25h
110 ## - ASIENTO PRINCIPAL -- NOMBRE CORPORATIVO
Corporate name or jurisdiction name as entry element República Dominicana. Secretaría de Estado de Cultura
245 ## - TÍTULO PROPIAMENTE DICHO: SUBTÍTULO
Title Higiene y Salud
264 ## - PRODUCTION, PUBLICATION, DISTRIBUTION, MANUFACTURE, AND COPYRIGHT NOTICE
Place of production, publication, distribution, manufacture Santo Domingo : SEEBAC
300 ## - PHYSICAL DESCRIPTION
Extensión 142 p.
490 ## - MENCIÓN DE SERIE
Series statement Programa de alfabetización y educación básica de adultos; módulo III
650 ## - ASIENTO SECUNDARIO DE MATERIA -- TERMINO TEMÁTICO
Termino Temático Como Elemento de Entrada 1.Educación de AdultosÌ
942 ## - ADDED ENTRY ELEMENTS (KOHA)
Source of classification or shelving scheme Dewey Decimal Classification
Koha item type Libros
Existencias
Withdrawn status Lost status Source of classification or shelving scheme Damaged status Not for loan Current library Date acquired Total Checkouts Full call number Barcode Date last seen Price effective from Koha item type
    Dewey Decimal Classification     Biblioteca UTECO 09/09/2019   RD 375 R299H 007339 09/09/2019 09/09/2019 Libros
© 2021 Derechos Reservados UTECO - Teléfono: +1 809-585-2291 - Correo electrónico: biblioteca@uteco.edu.do​  
Código postal 43000 ​​
Dirección: Avenida Universitaria No. 100, 
Cotuí, Provincia Sánchez Ramírez, República Dominicana - RNC: 404-00059-6